Internet y educación aprendiendo y enseñando en los espacios virtuales /

Saved in:
書目詳細資料
企業作者: e-libro, Corp
其他作者: Valzacchi, Jorge Rey (ed.)
格式: 電子書
語言:西班牙语
出版: [s.l.] : [Organización de los Estados Americanos], 2003.
叢編:INTERAMER Digital ; 73
主題:
在線閱讀:https://elibro.unach.elogim.com/es/lc/unach/titulos/34595
標簽: 添加標簽
沒有標簽, 成為第一個標記此記錄!

MARC

LEADER 00000nam a2200000 a 4500
001 ELB34595
003 FlNmELB
006 m o d |
007 cr cn|||||||||
008 201301r2003 xxu|||||s|||||||||||spa d
035 |a (MiAaPQ)EBC3201728 
035 |a (Au-PeEL)EBL3201728 
035 |a (CaPaEBR)ebr10592700 
035 |a (OCoLC)929384922 
040 |a FlNmELB  |b spa  |c FlNmELB 
050 4 |a LB1044.87  |b I619 2003 
080 |a 004.738.5:37 
082 0 4 |a 371.3344678  |2 22 
245 0 0 |a Internet y educación  |h [recurso electronico] :  |b aprendiendo y enseñando en los espacios virtuales /  |c Jorge Rey Valzacchi, editor. 
260 |a [s.l.] :  |b [Organización de los Estados Americanos],  |c 2003. 
300 |a 305 p. 
490 0 |a INTERAMER Digital ;  |v 73 
533 |a Recurso electrónico. Santa Fe, Arg.: e-libro, 2015. Disponible vía World Wide Web. El acceso puede estar limitado para las bibliotecas afiliadas a e-libro. 
650 4 |a Internet en educación. 
650 0 |a Internet in education. 
655 4 |a Libros electrónicos. 
700 1 |a Valzacchi, Jorge Rey,   |e ed. 
710 2 |a e-libro, Corp. 
856 4 0 |u https://elibro.unach.elogim.com/es/lc/unach/titulos/34595